Applied Science - II (Record no. 306853)

MARC details
000 -LEADER
fixed length control field 00401nam a2200157Ia 4500
008 - FIXED-LENGTH DATA ELEMENTS--GENERAL INFORMATION
fixed length control field 230718s9999 xx 000 0 und d
041 ## - LANGUAGE CODE
Language code of text/sound track or separate title eng
082 ## - DEWEY DECIMAL CLASSIFICATION NUMBER
Classification number 600
Item number KUL
100 ## - MAIN ENTRY--PERSONAL NAME
Personal name Kulkarni A.D.
245 ## - TITLE STATEMENT
Title Applied Science - II
260 ## - PUBLICATION, DISTRIBUTION, ETC. (IMPRINT)
Date of publication, distribution, etc. 2004
Name of publisher, distributor, etc. Tech Max Publications
300 ## - PHYSICAL DESCRIPTION
Extent 472
365 ## - TRADE PRICE
Currency code Rs.
Price amount 225.00
700 ## - ADDED ENTRY--PERSONAL NAME
Personal name Kulkarni A.D.,Shukla S.N. & Walekar V.K.
906 ## - LOCAL DATA ELEMENT F, LDF (RLIN)
c ALLIED
b 33.75
Holdings
Withdrawn status Lost status Damaged status Not for loan Home library Current library Date acquired Vendor Budget Code Cost, normal purchase price Full call number Barcode Date last seen Discount Cost, replacement price Bill Date Koha item type Original Barcode
Withdrawn       Cummins College of Engineering for Women Pune Cummins College of Engineering for Women Pune 03/03/2004 Pradeep Book Distributors ALLIED 191.25 600 CCEP-BK-18060 18/07/2023 33.75 225.00 18/07/2023 Books 018060